000 00315nam a22001337a 4500
008 170208b xxu||||| |||| 00| 0 eng d
020 _a0801614724
041 _aeng
080 _a61
100 _a4
101 _aSHM
245 _aORGANIZATION AND ADMINISTRATION OF HEALTH CARE
_cRICHARD DUBRIN
942 _2udc
_cBK
999 _c4869
_d4869